| 000 | 00486nam a2200121Ia 4500 | ||
|---|---|---|---|
| 008 | 171212s9999 xx 000 0 und d | ||
| 100 | _aKroll-Smith, Steve;Floyd, H. Hugh | ||
| 245 |
_cKroll-Smith, Steve;Floyd, H. Hugh _aBodies in Protest _bEnvironmental Illness and the Struggle Over Medical Knowledge |
||
| 260 |
_bNew York University Press _c1997 |
||
| 650 | _aEnvironmentally-induced diseases; Allergy | ||
| 650 | _aHealth Sciences | ||
| 856 | _uhttp://www.jstor.org/stable/j.ctt9qg6hq | ||
| 999 |
_c351521 _d351521 |
||